000 00656nam a2200169Ia 4500
008 090711s9999 xx 000 0 und d
082 _b960
100 _aबापट ब. गं. / कुलकर्णी दिलीप
245 _aवैदिक गणित भाग 1
260 _bदिलीप प्रकाशन
_c1910
300 _a69
600 _aबापट ब. गं. / कुलकर्णी दिलीप
630 _aवैदिक गणित भाग 1
700 _aबापट ब. गं. / कुलकर्णी दिलीप
730 _aवैदिक गणित भाग 1
942 _cBOOK
999 _c333814
_d333814